000
00344nam a22001577a 4500
003
SGT
020
_a
978-0-323-05714-1
082
_a
612.84, A11L
100
_a
LEVIN, LEONARD A.
245
_a
ADLERS PHYSIOLOGY OF THE EYE
250
_a
1ST
260
_a
ELSEVIER
_b
DELHI
_c
2011
300
_a
794
650
_a
PHYSIOLOGY
942
_2
ddc
_c
BK
999
_c
8668
_d
8668